[Event "Toronto-ch (Women)"]
[Site "Toronto"]
[Date "2008.10.13"]
[Round "5"]
[White "Kagramanov, Dalia"]
[Black "Barron, Irina"]
[Result "1/2-1/2"]
[WhiteElo "1801"]
[BlackElo "2030"]
[PlyCount "31"]
[EventDate "2008.09.14"]
[EventType "tourn"]
[EventRounds "5"]
[EventCountry "CAN"]
[SourceTitle "EXT 2011"]
[Source "ChessBase"]
[SourceDate "2010.11.26"]
[SourceVersion "1"]
[SourceVersionDate "2010.11.26"]
[SourceQuality "1"]

1. e4 c5 2. Nf3 Nc6 3. d4 cxd4 4. Nxd4 Nf6 5. Nc3 d6 6. Bg5 e6 7. Qd2 a6 8. Be2 Bd7 9. 0-0 Be7 10. Rad1 Nxd4 11. Qxd4 Bc6 12. Bxf6 Bxf6 13. Qxd6 Qxd6 14. Rxd6 Bxc3 15. bxc3 Bxe4 16. Bd3 1/2-1/2

[Event "Toronto Thanksgiving op"]
[Site "Toronto"]
[Date "2008.10.11"]
[Round "1"]
[White "Zeromskis, Egidijus"]
[Black "Barron, Irina"]
[Result "0-1"]
[WhiteElo "2243"]
[BlackElo "2022"]
[PlyCount "116"]
[EventDate "2008.10.11"]
[EventType "swiss"]
[EventRounds "6"]
[EventCountry "CAN"]
[SourceTitle "EXT 2011"]
[Source "ChessBase"]
[SourceDate "2010.11.26"]
[SourceVersion "1"]
[SourceVersionDate "2010.11.26"]
[SourceQuality "1"]

1. e4 c5 2. Nc3 Nc6 3. g3 g6 4. Bg2 Bg7 5. d3 e5 6. Be3 d6 7. Qd2 Nge7 8. Bh6 0-0 9. h4 f6 10. Bxg7 Kxg7 11. h5 g5 12. h6+ Kh8 13. 0-0-0 Rb8 14. Nd5 Nxd5 15. exd5 Ne7 16. f4 gxf4 17. gxf4 Ng6 18. fxe5 fxe5 19. Be4 Bg4 20. Re1 Nf4 21. Kb1 b5 22. Nf3 b4 23. Reg1 Rg8 24. Qh2 Qf6 25. Nd2 Bh5 26. Rf1 Bg6 27. Rhg1 Bxe4 28. Nxe4 Qe7 29. Rg7 Rxg7 30. hxg7+ Qxg7 31. Nxd6 Rg8 32. Nf5 Qd7 33. Ne3 Rg6 34. b3 Kg8 35. Qh1 Qg7 36. Nf5 Qf6 37. Qe4 Rg5 38. Ne3 Qg6 39. Qc4 Qd6 40. Qb5 Kf7 41. Qb7+ Qe7 42. Qb8 Rg8 43. Qb5 Rg5 44. Nc4 Rg6 45. d6 Rxd6 46. Nxd6+ Qxd6 47. Qb7+ Qe7 48. Qe4 h5 49. Rg1 Ke6 50. Rg8 h4 51. Qc6+ Kf5 52. Qf3 h3 53. Qg4+ Kf6 54. Rg5 Qh7 55. Rg8 h2 56. Rf8+ Ke7 57. Qc8 h1Q+ 58. Kb2 Nxd3+ 0-1

[Event "Toronto-ch (Women)"]
[Site "Toronto"]
[Date "2008.10.05"]
[Round "4"]
[White "Barron, Irina"]
[Black "Orlova, Yelizaveta"]
[Result "1-0"]
[WhiteElo "2030"]
[BlackElo "2001"]
[PlyCount "81"]
[EventDate "2008.09.14"]
[EventType "tourn"]
[EventRounds "5"]
[EventCountry "CAN"]
[SourceTitle "EXT 2011"]
[Source "ChessBase"]
[SourceDate "2010.11.26"]
[SourceVersion "1"]
[SourceVersionDate "2010.11.26"]
[SourceQuality "1"]

1. d4 c5 2. d5 e5 3. e4 d6 4. g3 Be7 5. c4 Bg5 6. Nc3 Bxc1 7. Qxc1 Nh6 8. Bg2 0-0 9. Nge2 f5 10. 0-0 Qe7 11. Qd2 Nd7 12. exf5 Nxf5 13. Rae1 a6 14. a4 Nf6 15. Ne4 Bd7 16. b3 b5 17. axb5 axb5 18. f4 Ng4 19. h3 Nge3 20. Rf3 bxc4 21. Rxe3 Nxe3 22. Qxe3 Ra3 23. Qc1 Rxb3 24. Qxc4 Rb4 25. Qc3 Bf5 26. Nf2 Re8 27. g4 Bb1 28. f5 Qg5 29. Ng3 Reb8 30. Nge4 Qe7 31. g5 Rb3 32. Qc1 Qc7 33. g6 Rf8 34. gxh7+ Kh8 35. Qg5 Rb6 36. f6 gxf6 37. Nxf6 Qg7 38. Qxg7+ Kxg7 39. Nd7 Rfb8 40. Nxb8 Rxb8 41. Ne4 1-0

[Event "Toronto-ch (Women)"]
[Site "Toronto"]
[Date "2008.09.28"]
[Round "3"]
[White "Serbanescu, Natasa"]
[Black "Barron, Irina"]
[Result "0-1"]
[WhiteElo "1850"]
[BlackElo "2030"]
[PlyCount "84"]
[EventDate "2008.09.14"]
[EventType "tourn"]
[EventRounds "5"]
[EventCountry "CAN"]
[SourceTitle "EXT 2011"]
[Source "ChessBase"]
[SourceDate "2010.11.26"]
[SourceVersion "1"]
[SourceVersionDate "2010.11.26"]
[SourceQuality "1"]

1. e4 c5 2. Nf3 Nc6 3. d4 cxd4 4. Nxd4 Nf6 5. Nc3 d6 6. Be2 e6 7. 0-0 Be7 8. Be3 0-0 9. a3 a6 10. b4 Bd7 11. Nb3 b5 12. f4 Qc7 13. Bd3 Nxb4 14. axb4 Qxc3 15. Bd4 Qc7 16. e5 dxe5 17. fxe5 Nd5 18. Bxh7+ Kxh7 19. Qh5+ Kg8 20. Rf3 Qxc2 21. Rh3 f6 22. Rf1 Be8 23. Qh8+ Kf7 24. Qh5+ Qg6 25. Qf3 Kg8 26. Rg3 Qh5 27. Qe4 f5 28. Qc2 Bd7 29. Nc5 Rac8 30. Qf2 Rc7 31. Rh3 Qg4 32. Rg3 Qh4 33. Qd2 Bc8 34. Rff3 g5 35. Rh3 Qg4 36. Rfg3 Qf4 37. Qd1 g4 38. Rh5 Rf7 39. Rd3 Bxc5 40. Bxc5 Rh7 41. Rxh7 Kxh7 42. Bd6 Rc1 0-1

[Event "CAN-ch (Women)"]
[Site "Kitchener"]
[Date "2007.08.02"]
[Round "3"]
[White "Barron, Irina"]
[Black "Glenda, Baylon"]
[Result "1-0"]
[WhiteElo "2124"]
[BlackElo "1997"]
[PlyCount "91"]
[EventDate "2007.08.01"]
[EventType "tourn"]
[EventRounds "7"]
[EventCountry "CAN"]
[SourceTitle "EXT 2022"]
[Source "ChessBase"]
[SourceDate "2021.10.06"]
[SourceVersion "1"]
[SourceVersionDate "2021.10.06"]
[SourceQuality "1"]

1. d4 Nf6 2. c4 g6 3. Nc3 Bg7 4. e4 d6 5. Be2 0-0 6. Bg5 Nbd7 7. Qd2 c5 8. d5 Nb6 9. f3 h5 10. Bh6 Bd7 11. Bxg7 Kxg7 12. Bd3 Na4 13. Nge2 Nxc3 14. Nxc3 a6 15. 0-0 h4 16. Rae1 e5 17. dxe6 Bxe6 18. Rd1 h3 19. g3 Nh5 20. Be2 Qf6 21. Qxd6 Rfd8 22. Qxc5 Rac8 23. Qe3 Bxc4 24. e5 Qe7 25. Rxd8 Qxd8 26. g4 Nf4 27. Qxf4 Qb6+ 28. Rf2 Bxe2 29. Nxe2 Rc2 30. Qd4 Qa5 31. Ng3 Qe1+ 32. Nf1 Rxf2 33. Qxf2 Qxe5 34. Qd2 Qc5+ 35. Qe3 Qd5 36. a3 Kh7 37. Kf2 Qb5 38. Qe2 Qc5+ 39. Ne3 Qe5 40. Kg1 f5 41. gxf5 gxf5 42. Qd3 Qg7+ 43. Kh1 Kg8 44. Qd8+ Kh7 45. Qh4+ Kg8 46. Qg3 1-0

[Event "Toronto zt 2.2 (Women)"]
[Site "Toronto"]
[Date "2004.04.10"]
[Round "4"]
[White "Barron, Irina"]
[Black "Belc, Daniela"]
[Result "1/2-1/2"]
[WhiteElo "2138"]
[BlackElo "2065"]
[PlyCount "86"]
[EventDate "2004.04.09"]
[EventType "swiss"]
[EventRounds "6"]
[EventCountry "CAN"]
[SourceTitle "CBM 099 Extra"]
[Source "ChessBase"]
[SourceDate "2004.05.04"]
[SourceVersion "1"]
[SourceVersionDate "2004.05.04"]
[SourceQuality "1"]

1. d4 d5 2. c4 c6 3. e3 Nf6 4. Nc3 Bf5 5. Nf3 e6 6. Be2 Bd6 7. Ne5 0-0 8. f4 Ne4 9. Nxe4 Bxe4 10. 0-0 f6 11. Ng4 Nd7 12. Nf2 Bg6 13. c5 Be7 14. b4 e5 15. a4 b6 16. a5 b5 17. g4 Qc7 18. f5 Bf7 19. Nd3 Rae8 20. Bd2 Bd8 21. Be1 Qb8 22. Bg3 Bc7 23. Qd2 exd4 24. Bxc7 dxe3 25. Bxb8 exd2 26. Bd6 Rxe2 27. Bxf8 Kxf8 28. Rf2 Re4 29. Rxd2 Rxg4+ 30. Rg2 Rd4 31. Ra3 Ne5 32. Nxe5 fxe5 33. Rag3 Rxb4 34. Rxg7 Rb1+ 35. Kf2 Rb2+ 36. Ke1 Rxg2 37. Rxg2 e4 38. Rd2 Ke7 39. Kf2 Kf6 40. Ke3 Ke5 41. f6 b4 42. Rd4 b3 43. Rb4 h5 1/2-1/2